000 00935nam a2200253 i 4500
003 IT-RoINE
005 20200427115944.0
008 010322s2000 sp |r 001|||spa|d
020 _a8492030534
040 _aSpMaBN
_cSpMaBN IT-RoINE
_dIT-RoINE
100 1 _aBouza, Fernando,
_d1960-
_912662
245 1 0 _aComunicación, conocimiento y memoria en la España de los siglos XVI y XVII /
_cFernando Bouza.
260 _a[Salamanca] :
_bSeminario de Estudios Medievales y Renacentistas,
_c1999 [i.e. 2000]
300 _a148 p. ;
_c18 cm.
336 _2rdacontent
_atext
337 _2rdamedia
_aunmediated
338 _2rdacarrier
_avolume
490 1 _aPublicaciones del SEMYR.
_aSerie chica ;
_v2
500 _aIncluye índice.
504 _aBibliografía: p. 131-143.
650 4 _aComunicación escrita
_zEspaña
_xHistoria
_ySiglos 16o.-17o.
_945724
830 0 _aPublicaciones del SEMYR.
_pSerie chica ;
_945725
_v2
942 _cMTS
999 _c23163
_d23163